Milagros de nuestra señora

I tiakina i:
Ngā taipitopito rārangi puna kōrero
Kaituhi matua: Berceo, Gonzalo de (Author)
Hōputu: Pukapuka
Reo:Pāniora
I whakaputaina: Madrid Espasa Calpe 1961
Putanga:3a. ed
Rangatū:Colección Austral, 716
Ngā marau:
Ngā Tūtohu: Tāpirihia he Tūtohu
Kāore He Tūtohu, Me noho koe te mea tuatahi ki te tūtohu i tēnei pūkete!

MARC

LEADER 00000nam a2200000 a 4500
001 UCX4780
003 CL-VaPUC
008 920729e19610000SP |||||||||||||||||spa|d
082 0 4 |a 861  |b BER  |2 21 
100 0 |a Berceo, Gonzalo de  |e author  |9 308429 
245 1 0 |a Milagros de nuestra señora 
250 |a 3a. ed 
300 |a 148 p 
942 |c BK 
945 |d 19920729 00:00:00 
260 |a Madrid  |b Espasa Calpe  |c 1961 
650 0 |a Poesías españolas  |9 265100 
650 0 |a Poesía religiosa española   |9 265612 
583 |a last modification  |c 19920729 00:00:00  |k Rodrigo Vera 
490 0 |a Colección Austral, 716 
999 |c 225174  |d 225172 
952 |0 0  |1 0  |4 0  |6 861_000000000000000_BER_1961  |7 0  |8 R  |9 222485  |a BIBEDU  |b BIBEDU  |c MCIRC  |d 2019-11-15  |i 2912961  |o 861 BER 1961  |p 2912961  |r 2023-01-13  |w 2019-11-15  |y BK_R  |k LIT